| 000 | 00419nam a22001697a 4500 | ||
|---|---|---|---|
| 003 | SGT | ||
| 020 | _a9780706985436 | ||
| 082 | _a530.124,SUB | ||
| 100 | _aSUBRAHMANYAM,N. | ||
| 245 | _aWAVES AND OSCILATIONS | ||
| 250 | _a2ND | ||
| 260 |
_aNEW DELHI _bVIKAS _c2011 |
||
| 300 | _a429 | ||
| 650 | _aWAVE MECHANICS | ||
| 653 | _aVELOCITY OF SOUND,DOPPLEREFFECT,FOURIER ANALYSIS,PRACTICAL,APPLICATION | ||
| 942 |
_2ddc _cFPS |
||
| 999 |
_c9361 _d9361 |
||